Normal view
MARC view
Entry Personal Name
001 - CONTROL NUMBER
- control field: 83659
003 - CONTROL NUMBER IDENTIFIER
- control field: dpl
005 - DATE AND TIME OF LATEST TRANSACTION
- control field: 20250804110829.0
008 - FIXED-LENGTH DATA ELEMENTS
- fixed length control field: 250804|| aca||aabn | a|a d
040 ## - CATALOGING SOURCE
- Original cataloging agency: dpl
- Transcribing agency: dpl
100 ## - HEADING--PERSONAL NAME
- Personal name: चक्रदेव, उज्जवला
670 ## - SOURCE DATA FOUND
- Source citation: Work cat.: (dpl)212827: महेता, आस्था 83658, वैदिक ऋषिकाएं 'एक प्रकाशपुंज' /, 2025
